| 000 | 00809nab a2200241 u 4500 | ||
|---|---|---|---|
| 001 | 07933 | ||
| 003 | HDC | ||
| 007 | cr bn ---aaaaa | ||
| 008 | 210129c mydr|nes 0 a may d | ||
| 040 | _aHDC | ||
| 100 |
_aJohardy Ibrahim _eauthor _98466 |
||
| 245 | 0 |
_aCheryl sedia terapkan pengalaman ke dalam MaGIC/ _cby Johardy Ibrahim |
|
| 260 |
_aKuala Lumpur : _bUTUSAN MALAYSIA, _c2014 |
||
| 336 |
_atext _2rdacontent |
||
| 337 |
_acomputer _2rdamedia |
||
| 338 |
_aonline resource _2rdacarrier |
||
| 650 |
_aEntrepreneurs _951 |
||
| 650 |
_aTechnology industry _98467 |
||
| 856 | _zRequest full-text at [email protected] | ||
| 942 | _2lcc | ||
| 942 | _cNEWS | ||
| 942 | _kNWSC 001258 | ||
| 999 |
_c5256 _d5256 |
||